[Event "Wch Blitz (Women)"]
[Site "Samarkand"]
[Date "2023.12.29"]
[Round "9"]
[White "Batsiashvili, Nino"]
[Black "Shohradova, Leyla"]
[Result "1-0"]
[WhiteElo "2451"]
[BlackElo "1948"]
[PlyCount "81"]
[EventDate "2023.12.29"]
[EventType "swiss (blitz)"]
[EventRounds "17"]
[EventCountry "UZB"]
[SourceTitle "CB01_2024"]
[SourceDate "2024.01.03"]
[SourceVersion "1"]
[SourceVersionDate "2024.01.03"]
[SourceQuality "1"]

1. d4 Nf6 2. c4 c5 3. Nf3 g6 4. d5 b5 5. Qc2 bxc4 6. e4 d6 7. Bxc4 Bg7 8. 0-0 0-0 9. Bd2 Ba6 10. Na3 Nfd7 11. Bc3 Bh6 12. Rfe1 Nb6 13. Bxa6 Nxa6 14. b3 Nb4 15. Qe2 a5 16. Nc4 a4 17. a3 Na6 18. Ba5 Rb8 19. Nxb6 Rxb6 20. bxa4 Qb8 21. Bxb6 Qxb6 22. Rab1 Qa7 23. Qb5 Nb8 24. e5 Qa8 25. Qb7 Qxa4 26. Qxe7 dxe5 27. Nxe5 Qxa3 28. d6 Qa5 29. g3 Qd2 30. d7 Bg5 31. Qxc5 Bf6 32. Rbd1 Qa2 33. Nc6 Nxc6 34. Qxc6 Kg7 35. Re8 Qb3 36. Qd5 Qxd5 37. Rxd5 Bd8 38. Rde5 Bc7 39. Rxf8 Kxf8 40. Re8+ Kg7 41. d8Q 1-0

[Event "Wch Blitz (Women)"]
[Site "Samarkand"]
[Date "2023.12.29"]
[Round "1"]
[White "Bodnaruk, Anastasia"]
[Black "Shohradova, Leyla"]
[Result "1-0"]
[WhiteElo "2340"]
[BlackElo "1948"]
[PlyCount "70"]
[EventDate "2023.12.29"]
[EventType "swiss (blitz)"]
[EventRounds "17"]
[EventCountry "UZB"]
[SourceTitle "CB01_2024"]
[SourceDate "2024.01.03"]
[SourceVersion "1"]
[SourceVersionDate "2024.01.03"]
[SourceQuality "1"]

1. e4 e6 2. d3 d5 3. Nd2 c5 4. Ngf3 Nc6 5. g3 Nf6 6. Bg2 Bd6 7. 0-0 0-0 8. Re1 e5 9. exd5 Nxd5 10. Nc4 Re8 11. c3 Bc7 12. a4 f6 13. d4 cxd4 14. cxd4 e4 15. Nfd2 f5 16. f3 exf3 17. Rxe8+ Qxe8 18. Nxf3 Be6 19. Bd2 Rd8 20. Qe2 Nf6 21. Bc3 Ne4 22. Nce5 Nxe5 23. Nxe5 Bb6 24. Bxe4 fxe4 25. Qxe4 Bd5 26. Qe2 Kh8 27. a5 Bc7 28. Rf1 a6 29. Qe3 Bd6 30. Qf4 Qe7 31. Re1 Qc7 32. Qg5 Rf8 33. Qh5 Bxe5 34. Rxe5 Bf7 35. Qf3 Qd6 1-0

[Event "Wch Blitz (Women)"]
[Site "Samarkand"]
[Date "2023.12.29"]
[Round "4"]
[White "Shohradova, Leyla"]
[Black "Tokhirjonova, Gulruhbegim"]
[Result "1-0"]
[WhiteElo "1948"]
[BlackElo "2370"]
[PlyCount "93"]
[EventDate "2023.12.29"]
[EventType "swiss (blitz)"]
[EventRounds "17"]
[EventCountry "UZB"]
[SourceTitle "CB01_2024"]
[SourceDate "2024.01.03"]
[SourceVersion "1"]
[SourceVersionDate "2024.01.03"]
[SourceQuality "1"]

1. d4 Nf6 2. c4 e6 3. Nf3 b6 4. g3 Bb7 5. Bg2 Bb4+ 6. Bd2 a5 7. 0-0 0-0 8. Nc3 Re8 9. Qc2 d5 10. Bg5 h6 11. Bxf6 Qxf6 12. Nb5 Na6 13. a3 Bf8 14. Ne5 c6 15. Nc3 Red8 16. Na4 b5 17. Nb6 Ra7 18. c5 Nxc5 19. Ng4 Qe7 20. b4 Nd7 21. Nxd7 Qxd7 22. Ne5 Qc7 23. Qc3 Rda8 24. Rac1 axb4 25. axb4 Ra3 26. Qd2 Ra2 27. Qd1 Bxb4 28. e4 Rd2 29. Qf3 Rxd4 30. exd5 exd5 31. Qe3 Rd2 32. Nf3 Rda2 33. Nd4 Bf8 34. Nxb5 Qe7 35. Qxe7 Bxe7 36. Nd4 c5 37. Nf5 Bf8 38. Rfd1 Rd8 39. Ne3 c4 40. Nxd5 Ra5 41. Nf6+ gxf6 42. Rxd8 Bxg2 43. Kxg2 Ra4 44. Rc8 Kg7 45. R1xc4 Ra2 46. Rg4+ Kh7 47. Rxf8 1-0

[Event "Wch U16 Girls rapid"]
[Site "Batumi"]
[Date "2023.06.08"]
[Round "9"]
[White "Shohradova, Leyla"]
[Black "Shvedova, Alexandra"]
[Result "1-0"]
[WhiteElo "1440"]
[BlackElo "2005"]
[PlyCount "105"]
[EventDate "2023.06.06"]
[EventType "swiss (rapid)"]
[EventRounds "11"]
[EventCountry "GEO"]
[SourceTitle "EXT 2024"]
[Source "ChessBase"]
[SourceDate "2023.10.10"]
[SourceVersion "1"]
[SourceVersionDate "2023.10.10"]
[SourceQuality "1"]
[WhiteTeam "Turkmenistan"]
[BlackTeam "FIDE"]
[WhiteTeamCountry "TKM"]

1. d4 Nf6 2. c4 e6 3. Nf3 d5 4. g3 Bb4+ 5. Bd2 a5 6. Bg2 0-0 7. 0-0 dxc4 8. Bg5 Be7 9. Ne5 h6 10. Bc1 c6 11. Nxc4 b5 12. Ne5 Bb7 13. b3 Qb6 14. Bb2 Na6 15. Nd3 Rfd8 16. Nd2 c5 17. Bxb7 Qxb7 18. dxc5 Nxc5 19. Nxc5 Bxc5 20. Bxf6 gxf6 21. e3 Qd5 22. Qg4+ Qg5 23. Qf3 f5 24. Rad1 Bb4 25. Qe2 Rac8 26. Nf3 Qg4 27. Kg2 h5 28. h3 Qe4 29. Kg1 Rxd1 30. Qxd1 Qc2 31. Qd4 Qc3 32. Qh4 Qg7 33. Qxh5 Rc2 34. Nd4 Rxa2 35. Rc1 Qf6 36. Rc8+ Bf8 37. Nxb5 Kg7 38. Nd4 a4 39. bxa4 Rxa4 40. Qd1 Ra7 41. Qc1 Bd6 42. Qc6 Bf8 43. Kg2 Qe5 44. Nf3 Qe4 45. Qc3+ f6 46. Qb2 Qb4 47. Qc2 Qe7 48. Qc6 Qd7 49. Qc4 Be7 50. Nd4 e5 51. Qg8+ Kh6 52. Qh8+ Kg6 53. Rg8+ 1-0